Como evitar um desastre climático (Record no. 15923)

MARC details
000 -Etiqueta do registo
Valores 00760nam a2200241 4500
010 ## - Número ISBN
ISBN 9789897401015
021 ## - Número do Depósito Legal
Número 478711/21
100 ## - Dados gerais de processamento
Dados gerais 20210806d2021 m y0pory50030103ba
200 1# - Titulo e menção de responsabilidade
Título próprio Como evitar um desastre climático
Primeira menção de responsabilidade Bill Gates
Outras menções de responsabilidade trad. Pedro Santos Gomes
205 ## - Menção da edição
Edição 1ª ed.
210 #9 - Publicação
Local de publicação Porto
Nome do editor Porto Editora,
Data de publicação 2021
215 ## - Descrição física 
Paginação / Volumes 287 p.
Outras indicações físicas il.
Dimensões 24 cm
304 ## - Nota relativa ao título
Texto de nota Tít. orig.: How to avoid a climate disaster
675 ## - CDU
Notação 502/504
Edição BN
Língua por
675 ## - CDU
Notação 551.583
Edição BN
Língua por
675 ## - CDU
Notação 620.92
Edição BN
Língua por
700 #1 - Autor principal (pessoa individual)
Apelido Gates,
Nome Bill,
Datas 1951-
702 #1 - Autor secundário (pessoa individual)
Apelido Gomes,
Nome Pedro Santos
801 #0 - Fonte de origem
País PT
Agência BN
Regras de catalogação RPC
856 41 - Localização e acesso electrónico 
URL <a href="http://rnod.bnportugal.gov.pt/ImagesBN/winlibimg.aspx?skey=&doc=2077889&img=155112&save=true">http://rnod.bnportugal.gov.pt/ImagesBN/winlibimg.aspx?skey=&doc=2077889&img=155112&save=true</a>
990 ## - Elementos KOHA
Tipo de documento Livro
Holdings
Situação do levantamento Estado Biblioteca de origem Código de barras Cota Permissão de empréstimo Tipo de documento Forma de aquisição
    Biblioteca Municipal do Alandroal 15759/21 551.583 GAT   Livro Compra

Powered by Koha